000 00360 a2200157 4500
001 169168
020 _a
040 _cMagnum
100 _aAbramovich, Fanny
240 1 0 _aLiteratura infantil: gostosuras e bobices
_lpor
245 1 0 _aLiteratura infantil: gostosuras e bobices
362 0 _a1899
440 1 _aScipione
697 _aENSINO
942 _cBK
999 _c169168
_d169168